000 00603nam a2200217Ii 4500
001 18273
003 CO-ViMGA
008 241108s9999||||xx |||||||||||||| ||und||
020 _a9580475296
040 _aCO-ViMGA
_bspa
_erda
_cCO-ViMGA
041 0 _aspa
082 0 4 _a158.24 R47a
100 1 _aWalter Riso
_952604
245 1 0 _aAma y no sufras
264 1 _aBogotá, Colombia : Grupo Editorial Norma, 2003
300 _avolumen
336 _atext
_btxt
_2rdacontent
337 _aunmediated
_bn
_2rdamedia
338 _avolume
_bnc
_2rdacarrier
940 _aidficha_siabuc: 17936. -- ficha_no_siabuc:18273
999 _c47397
_d47397